A Bela Adormecida (Record no. 138367)

MARC details
000 -LÍDER
campo de controle de tamanho fixo 00502 a2200205 4500
001 - NÚMERO DE CONTROLE
campo de controle 138367
020 ## - ISBN - INTERNATIONAL STANDARD BOOK NUMBER
ISBN - International Standard Book Number 9788508154029
040 ## - FONTE DA CATALOGAÇÃO
Instituição que transcreveu o registro Leonardo Da Vinci
041 ## - CÓDIGO DE IDIOMA
Código do idioma do texto/trilha sonora ou título diferente Português
082 ## - CDD - CLASSIFICAÇÃO DECIMAL DE DEWEY
Número de Classificação 028.5 P47g
Número do exemplar P47g
100 ## - ENTRADA PRINCIPAL--NOME PESSOAL
Nome pessoal PENTEADO, Maria Heloisa
245 ## - TÍTULO
Título A Bela Adormecida
Restante do título Mãe Nevada
250 ## - EDIÇÃO
Edição 8.ed.
260 ## - PUBLICAÇÃO, DISTRIBUIÇÃO, ETC.
Nome do editor, distribuidor, etc. Ática
Data da publicação, distribuição, etc. 2014
Local de publicação, distribuição, etc. São Paulo
300 ## - DESCRIÇÃO FÍSICA
Extensão 16
362 ## - DATAS DE PUBLICAÇÃO E/OU DESIGNAÇÃO SEQUENCIAL
Datas de publicação e/ou designação sequencial 20140000
490 ## - TÍTULO DA SÉRIE
Título da série Contos de Grimm
-- Contos de Grimm
500 ## - NOTA GERAL
Nota geral Biblioteca Alphaville 2
942 ## - ELEMENTOS DE ENTRADA ADICIONADOS (KOHA)
Tipo de material Koha Livros
Holdings
Situação do descarte Situação das perdas Situação física Não pode ser emprestado Biblioteca de origem Biblioteca atual Data de aquisição Total de empréstimos Número de chamada completo Código de barras Data de último acesso Data do preço efetivo Tipo de material Koha
        Leonardo Da Vinci - Alphaville 2 Leonardo Da Vinci - Alphaville 2 27/03/2024   028.5 P47g 2A699 27/03/2024 27/03/2024 Livros